| 000 | 00907nas a2200313 4500 | ||
|---|---|---|---|
| 001 | BR2012007609 | ||
| 003 | BR-BrBNA | ||
| 005 | 20231205121314.0 | ||
| 007 | ta | ||
| 008 | 230509b bl.|||p| |||| 00| 00por d | ||
| 040 |
_aBR-BrBNA _bpor _cBiblioteca Nacional de Agricultura |
||
| 041 | _a(Pt) | ||
| 072 | _aL51 | ||
| 100 | 1 | _aVasconcellos, C.H. de F. | |
| 100 | 1 | _aFontes, D. de O. | |
| 100 | 1 | _aCorrêa, G. da S.S. | |
| 100 | 1 | _aMarinho, P.C. | |
| 100 | 1 | _aPereira, F.A. | |
| 100 | 1 | _aSilva, M. de A. e | |
| 245 | 1 | _aRactopamina na alimentação de suínos | |
| 650 | _aSUÍNO | ||
| 650 | _aCARNE | ||
| 650 | _aCRESCIMENTO | ||
| 650 | _aRAÇÃO | ||
| 650 | _aCONVERSÃO ALIMENTAR | ||
| 773 | 0 |
_tCadernos Técnicos de Veterinária e Zootecnia (Brazil) _xISSN 1616-6024 _g(Jul 2007), no. 53 p. 86-107 _wBR2012007609 |
|
| 909 |
_a202311 _bLúcia _c55 _dLúcia Elande |
||
| 942 |
_2AGRIS _n0 _cANA |
||
| 999 |
_c222852 _d222852 |
||